संपूर्ण गडकरी भाग 2 (Record no. 221440)

MARC details
000 -LEADER
fixed length control field 00575nam a2200169Ia 4500
008 - FIXED-LENGTH DATA ELEMENTS--GENERAL INFORMATION
fixed length control field 090201s9999 xx 000 0 und d
010 ## - LIBRARY OF CONGRESS CONTROL NUMBER
LC control number KPL-35568
040 ## - CATALOGING SOURCE
Language of cataloging मराठी
041 ## - LANGUAGE CODE
Language code of text/sound track or separate title मराठी
082 ## - DEWEY DECIMAL CLASSIFICATION NUMBER
Classification number 21849
Item number 35568
100 ## - MAIN ENTRY--PERSONAL NAME
Personal name भीमराव कुलकर्णी
245 ## - TITLE STATEMENT
Title संपूर्ण गडकरी भाग 2
Statement of responsibility, etc भीमराव कुलकर्णी
260 ## - PUBLICATION, DISTRIBUTION, ETC. (IMPRINT)
Date of publication, distribution, etc 2004
Name of publisher, distributor, etc वरदा बुक्स
300 ## - PHYSICAL DESCRIPTION
Extent 1164
Other physical details लहान
600 ## - SUBJECT ADDED ENTRY--PERSONAL NAME
Personal name संपूर्ण गडकरी भाग 2
942 ## - ADDED ENTRY ELEMENTS (KOHA)
Koha item type Book
Holdings
Withdrawn status Lost status Damaged status Not for loan Home library Current library Date acquired Cost, normal purchase price Total Checkouts Barcode Date last seen Copy number Cost, replacement price Price effective from Koha item type
        Sarvajanik Wachanalaya, Kalyan Sarvajanik Wachanalaya, Kalyan   130.00   KPL-35568 02/01/2009 1 130.00 02/01/2009 Book